000 00233 a2200097 4500
001 77085
090 _c39304
_d39304
100 _aDale, Nell
245 _aC++ plus data structures, 4th Ed
260 _aLondon
_bJones & b Arlett Pub, london
_c2007
942 _aNUST-CAE
999 _c312158
_d312158